Mesto v COVID kríze diplomová práca

Salvato in:
Dettagli Bibliografici
Autore principale: Gabura, Michal
Ente Autore: Národohospodárska fakulta EU. Katedra verejnej správy a regionálneho rozvoja
Altri autori: Žárska, Elena, 1955-
Natura: Libro
Lingua:slovacco
Pubblicazione: Bratislava 2022
Tags: Aggiungi Tag
Nessun Tag, puoi essere il primo ad aggiungerne!!

MARC

LEADER 00000nbm a2200000 4500
001 0283998
005 20221104102147.4
041 0 |a slo 
044 |a SK 
245 1 0 |a Mesto v COVID kríze  |b diplomová práca  |c Michal Gabura ; školiteľ: Elena Žárska 
264 1 |a Bratislava  |c 2022 
300 |a 57 s. 
100 1 |a Gabura, Michal 
700 1 |a Žárska, Elena, 1955- 
710 2 |a Národohospodárska fakulta EU. Katedra verejnej správy a regionálneho rozvoja